000 00774cam a2200253 4500
001 3149363
003 ARRUPE
005 20131220171802.0
008 711230s1971 enk 000 1 eng
010 _a 73875586
015 _aB71-23577
020 _a0571098665
040 _aDLC
_cDLC
_dDLC
050 0 0 _aPZ4.G63
_bSc
_aPR6013.O35
082 0 0 _a823/.9/14
100 1 _aGolding, William,
_d1911-1993.
_96461
245 1 4 _aThe scorpion god:
_bthree short novels
_c[by] William Golding.
260 _aLondon (3 Queen Sq., WC1N 3AU),
_bFaber and Faber Ltd,
_c1971.
300 _a178 p.
_c21 cm.
350 _a£1.75
505 0 _aThe scorpion god.--Clonk clonk.--Envoy extraordinary.
906 _a7
_bcbc
_corignew
_d3
_encip
_f19
_gy-gencatlg
942 _2lcc
_cMONOGRAPH
999 _c119483
_d119483